000 00616nam a2200169Ia 4500
003 GCL
008 140319s9999 xx 000 0 ara d
040 _aGCL /
_cGCL
082 0 4 _a216
_bع ز
100 1 _aعبدالوادود ابراهيم شلبى
245 1 0 _aالزحف الى مكة, حقائق ووثائق عن مؤامرة التنصير فى العالم الاسلامى /
_cعبدالوادود ابراهيم شلبى
260 _a[S.N] :
_bالزهراء للاعلام العربى ،
_c1989
300 _a163 ص
490 _a
650 0 4 _aالاسلام والمسيحية
942 _2ddc
_cBK
999 _c37606
_d37606